00666 a2200181 4500003000500000005001700005040000900022082001500031100003200046245004900078260003400127300001000161505014200171650001600313942001200329999001900341952012400360Nust20230123122745.0 cNust a808.83,YOU aYoung,Frincis Brett9107421 aMr . Lucton,s Freedom /cFrancis Brett Young aLondonbWilliam Heinemann Ltd a456:p aPart One: North Bromwich (Page-1), Part Two: The Country of Strange Adventures (Page-79), Part Three: Quietest Under The Sun (Page-373). aNovel92525 2ddccBK c186804d186804 00102ddc4070aMCSbMCScFICd2016-12-12o808.83,YOUpMCS29796r2016-12-08w2016-12-12yBKzAlmirah No.57, Shelf No.3